MARC

LEADER 00000nlm2a2200000 4500
001 129024
005 20250513162547.0
035 |a (RuTPU)RU\TPU\book\139619 
090 |a 129024 
100 |a 20080118d2007 k y0rusy50 ca 
101 0 |a rus 
102 |a RU 
105 |a y j 000zy 
135 |a vrcn ---uucaa 
181 0 |a i  
182 0 |a b 
200 0 |a Ч. 1 
203 |a Текст  |c электронный 
210 |d 2007 
300 |a Заглавие с титульного экрана 
300 |a Электронная версия печатной публикации 
333 |a Режим доступа: из корпоративной сети ТПУ 
337 |a Adobe Reader 
461 1 |0 129023  |9 129023  |a Букреев, В. Г.  |t Моделирование в электроприводе  |o учебное пособие  |f В. Г. Букреев, А. П. Зайцев, А. А. Богданов  |g Томский политехнический университет  |c Томск  |n Изд-во ТПУ  |d 2007-  |v Ч. 1 
610 1 |a электрические приводы 
610 1 |a моделирование 
610 1 |a управление 
610 1 |a нелинейные системы 
610 1 |a автоматизированные системы 
610 1 |a непрерывные электроприводы 
610 1 |a учебные пособия 
610 1 |a CLASSIC 
610 1 |a труды учёных ТПУ 
610 1 |a электронный ресурс 
675 |a 62-83-52.001.5(075.8)  |v 3 
700 1 |a Букреев  |b В. Г.  |c специалист в области электротехники  |c профессор Томского политехнического университета, доктор технических наук  |f 1952-  |g Виктор Григорьевич  |9 12221 
701 1 |a Зайцев  |b А. П.  |c специалист в области автоматического управления  |c доцент Томского политехнического университета  |f 1937-  |g Александр Петрович  |9 13944 
701 1 |a Богданов  |b А. А.  |g Александр Александрович 
801 1 |a RU  |b 63413507  |c 20080118  |g PSBO 
801 2 |a RU  |b 63413507  |c 20220301  |g PSBO 
850 |a 63413507 
856 4 |u http://www.lib.tpu.ru/fulltext2/m/2008/m6.pdf 
942 |c CF